<?xml version="1.0" encoding="UTF-8"?>
<record
    xmlns:xsi="http://www.w3.org/2001/XMLSchema-instance"
    xsi:schemaLocation="http://www.loc.gov/MARC21/slim http://www.loc.gov/standards/marcxml/schema/MARC21slim.xsd"
    xmlns="http://www.loc.gov/MARC21/slim">

  <leader>01919nam a22003257a 4500</leader>
  <controlfield tag="003">DO-SdBPM</controlfield>
  <controlfield tag="005">20260128125823.0</controlfield>
  <controlfield tag="007">ta</controlfield>
  <controlfield tag="008">210715b2018  dr  00| 0 eng d</controlfield>
  <datafield tag="020" ind1=" " ind2=" ">
    <subfield code="a">9789945091564</subfield>
  </datafield>
  <datafield tag="040" ind1=" " ind2=" ">
    <subfield code="a">DO-SdBPM</subfield>
    <subfield code="b">spa</subfield>
    <subfield code="c">BPMSU </subfield>
    <subfield code="d">rda</subfield>
  </datafield>
  <datafield tag="082" ind1=" " ind2="4">
    <subfield code="a">265.1</subfield>
    <subfield code="b">C957a 2021</subfield>
    <subfield code="2">22</subfield>
  </datafield>
  <datafield tag="100" ind1="1" ind2=" ">
    <subfield code="a">Cruz, Jos&#xE9; Dar&#xED;o de la</subfield>
    <subfield code="e">autor </subfield>
    <subfield code="4">aut. </subfield>
  </datafield>
  <datafield tag="245" ind1="1" ind2="0">
    <subfield code="a">Aqu&#xED; hay agua :</subfield>
    <subfield code="b">&#xBF;Qu&#xE9; impide que yo sea bautizado? /</subfield>
    <subfield code="c">Jos&#xE9; Dar&#xED;o de la Cruz ;  edici&#xF3;n Manolo Patrocino ; pr&#xF3;logo Elvis Samuel Medina.</subfield>
  </datafield>
  <datafield tag="260" ind1=" " ind2=" ">
    <subfield code="c"> </subfield>
  </datafield>
  <datafield tag="264" ind1=" " ind2=" ">
    <subfield code="a">Santo Domingo : </subfield>
    <subfield code="b">Editora B&#xFA;ho, </subfield>
    <subfield code="c">2021</subfield>
  </datafield>
  <datafield tag="300" ind1=" " ind2=" ">
    <subfield code="a">124 p&#xE1;ginas  ; </subfield>
    <subfield code="c">22 cm. </subfield>
  </datafield>
  <datafield tag="336" ind1=" " ind2=" ">
    <subfield code="a">texto</subfield>
    <subfield code="b">txt</subfield>
    <subfield code="2">rdacontent</subfield>
  </datafield>
  <datafield tag="337" ind1=" " ind2=" ">
    <subfield code="a">sin mediaci&#xF3;n</subfield>
    <subfield code="b">n</subfield>
    <subfield code="2">rdamedia</subfield>
  </datafield>
  <datafield tag="338" ind1=" " ind2=" ">
    <subfield code="a">volumen</subfield>
    <subfield code="b">nc</subfield>
    <subfield code="2">rdacarrier</subfield>
  </datafield>
  <datafield tag="500" ind1=" " ind2=" ">
    <subfield code="a">Incluye datos biogr&#xE1;ficos del autor en la solapa de la cubierta</subfield>
  </datafield>
  <datafield tag="504" ind1=" " ind2=" ">
    <subfield code="a">Bibliograf&#xED;a : p&#xE1;ginas 123-124</subfield>
  </datafield>
  <datafield tag="505" ind1="2" ind2=" ">
    <subfield code="a">Dedicatoria, 11.-- Agradecimientos, 13.-- Pr&#xF3;logo / Elvis Samuel Medina, 15.-- Introducci&#xF3;n, 19.--La iglesia bautizando, 23.-- La iglesia, 29.-- Los beneficios del bautismo, 35.-- El bautismo: las experiencias de los ap&#xF3;stoles, 39.-- Las ense&#xF1;anzas de Pablo sobre el bautismo, 43.-- El bautismo en los escritos de Pedro, 49.-- El bautismo en los escritos de Juan, 53.-- Niveles de conocimiento sobre el bautismo, 57.-- El bautismo en la Era Patr&#xED;stica, 61.-- El bautismo en la Era de la Reforma, 67.-- El bautismo en la Era contempor&#xE1;nea, 71.-- Valores espirituales generados por el bautismo, 81.-- El bautismo en las iglesias de Am&#xE9;rica Latina, 89.-- El bautismo cristiano en las iglesias evang&#xE9;licas de la Rep&#xFA;blica Dominicana, 95.-- Aqu&#xED; hay agua, 99.-- La pregunta del Eunuco, 109.-- Matrimonio vs. Bautismo, 115.</subfield>
  </datafield>
  <datafield tag="590" ind1=" " ind2=" ">
    <subfield code="a">Inventariado, 2026 /VM

</subfield>
  </datafield>
  <datafield tag="650" ind1=" " ind2="7">
    <subfield code="a">Bautismo</subfield>
  </datafield>
  <datafield tag="650" ind1=" " ind2="7">
    <subfield code="a">Sacramentos</subfield>
  </datafield>
  <datafield tag="700" ind1="1" ind2=" ">
    <subfield code="a">Medina, Elvis Samuel,</subfield>
    <subfield code="e">pr&#xF3;logo</subfield>
  </datafield>
  <datafield tag="910" ind1=" " ind2=" ">
    <subfield code="a">VMateo V. Control de calidad BPMSU </subfield>
  </datafield>
  <datafield tag="942" ind1=" " ind2=" ">
    <subfield code="2">ddc</subfield>
    <subfield code="c">BK</subfield>
  </datafield>
  <datafield tag="952" ind1=" " ind2=" ">
    <subfield code="0">0</subfield>
    <subfield code="1">0</subfield>
    <subfield code="2">ddc</subfield>
    <subfield code="7">0</subfield>
    <subfield code="8">CD</subfield>
    <subfield code="a">BPMET</subfield>
    <subfield code="b">BPMET</subfield>
    <subfield code="d">2026-01-28</subfield>
    <subfield code="l">0</subfield>
    <subfield code="o">BPMSU CD 265.1 C957a 2021</subfield>
    <subfield code="p">BPMSU26010064</subfield>
    <subfield code="r">2026-01-28</subfield>
    <subfield code="w">2026-01-28</subfield>
    <subfield code="y">BK</subfield>
  </datafield>
  <datafield tag="999" ind1=" " ind2=" ">
    <subfield code="c">15637</subfield>
    <subfield code="d">15637</subfield>
  </datafield>
</record>
